Accounting : Information for Decisions (Record no. 3530)

000 -LEADER
fixed length control field 01052cam a2200349 a 4500
001 - CONTROL NUMBER
control field 15644379
003 - CONTROL NUMBER IDENTIFIER
control field OSt
005 - DATE AND TIME OF LATEST TRANSACTION
control field 20161013102915.0
008 - FIXED-LENGTH DATA ELEMENTS--GENERAL INFORMATION
fixed length control field 090303r20072006sa a 001 0 eng
010 ## - LIBRARY OF CONGRESS CONTROL NUMBER
LC control number 2009275748
015 ## - NATIONAL BIBLIOGRAPHY NUMBER
National bibliography number GBA856246
Source bnb
016 7# - NATIONAL BIBLIOGRAPHIC AGENCY CONTROL NUMBER
Record control number 013733041
Source Uk
020 ## - INTERNATIONAL STANDARD BOOK NUMBER
International Standard Book Number 9780170111188
020 ## - INTERNATIONAL STANDARD BOOK NUMBER
International Standard Book Number 978017018263800011395 (pbk.)
035 ## - SYSTEM CONTROL NUMBER
System control number (OCoLC)ocn225392388
040 ## - CATALOGING SOURCE
Original cataloging agency UKM
Transcribing agency UKM
Modifying agency BAKER
-- YDXCP
-- BWX
-- DLC
042 ## - AUTHENTICATION CODE
Authentication code ukblsr
-- lccopycat
050 00 - LIBRARY OF CONGRESS CALL NUMBER
Classification number HF5636.J83 2004
082 04 - DEWEY DECIMAL CLASSIFICATION NUMBER
Classification number 657
Edition number 22
100 ## - MAIN ENTRY--PERSONAL NAME
Personal name Juchau, Roger
245 00 - TITLE STATEMENT
Title Accounting : Information for Decisions
Statement of responsibility, etc Juchau Roger ... [et al.].
260 ## - PUBLICATION, DISTRIBUTION, ETC. (IMPRINT)
Place of publication, distribution, etc Nelson ;
-- Australia :
Name of publisher, distributor, etc Nelson Australia Pity Ltd.
Date of publication, distribution, etc 2004.
300 ## - PHYSICAL DESCRIPTION
Extent xxiv, 1104. :
Other physical details ill. ;
Dimensions 28 cm.
504 ## - BIBLIOGRAPHY, ETC. NOTE
Bibliography, etc Includes index.
650 #0 - SUBJECT ADDED ENTRY--TOPICAL TERM
Topical term or geographic name as entry element Accounting.
700 1# - ADDED ENTRY--PERSONAL NAME
Relator code Juchau Roger
700 1# - ADDED ENTRY--PERSONAL NAME
Personal name Flanagan Jack
700 1# - ADDED ENTRY--PERSONAL NAME
Personal name Mitchell Graeme
906 ## - LOCAL DATA ELEMENT F, LDF (RLIN)
a 7
b cbc
c copycat
d 2
e ncip
f 20
g y-gencatlg
942 ## - ADDED ENTRY ELEMENTS (KOHA)
Source of classification or shelving scheme
Koha item type Book
Holdings
Withdrawn status Lost status Source of classification or shelving scheme Damaged status Not for loan Home library Current library Shelving location Date acquired Total Checkouts Full call number Barcode Date last seen Copy number Price effective from Koha item type
          Riara University Library Riara University Library General stack 13/10/2016   HF5636.J83 2004 8576/16 13/10/2016 C.1 13/10/2016 Book

Riara University Library,
P.O. Box 49940-00100,
Nairobi, Kenya.